000 00986nam a2200313Ia 4500
003 OSt
005 20220912151229.0
006 a|||||r|||| 00| 0
007 ta
008 220909b |||||||| |||| 00| 0 eng d
020 _a8185931526 (pbk)
024 _a18149
037 _b47591, 20/03/2006, Hindustan Book Agency
037 _cTextual
040 _aCSL
_beng
_cCSL
041 _aeng
082 _aB, L4;1
100 _aMilnor John W
245 0 _aCharacteristic classes
260 _aNew Delhi
_b Hindustan Book Agency (India)
_c1974
300 _avii, 330p.
_ccm.
490 _aTexts and readings in mathematics; 32
500 _aAppendix A-C, 257-314p.
_ccm.; Bibliography 315-324p.
_ccm.; Index 325-330p.
_ccm.
650 _a Characteristic classes
650 _aMathematics
700 _a Stasheff James D
942 _hB, L4;1
_cTEXL
_2CC
999 _c64095
_d64095